Global outlook : country forecast.
| Format: | Book |
|---|---|
| Published: |
London:
Economist Intelligence Unit,
2011.
|
| Subjects: |
| LEADER | 00426cam a2200145 7i4500 | ||
|---|---|---|---|
| 001 | 0000027464 | ||
| 005 | 20120110090000.0 | ||
| 090 | 0 | 0 | |a I 338.5443 |b GLO |
| 245 | 0 | 0 | |a Global outlook : |b country forecast. |
| 260 | 0 | 0 | |a London: |b Economist Intelligence Unit, |c 2011. |
| 300 | # | # | |a 50 p. |
| 650 | 0 | 0 | |a Country risk |
| 650 | 0 | 0 | |a Economic forecasting |
| 650 | 0 | 0 | |a Political risk |
| 999 | |a B000029836 |b Book |c International |e Business Information Centre | ||